000 00326nam a22001457a 4500
003 SGT
082 _a612.015
_bNEL
100 _aNELSON, DAVID L.
245 _aLEHNINGER PRINCIPLES OF BIOCHEMISTRY
250 _a8TH
260 _aUSA
_bMACMILLAN PUB.
_c2021
300 _a1096
650 _aBIOCHEMISTRY
942 _2ddc
_cBK
999 _c33104
_d33104